Oceňovanie emitovaných obligácií a umorovanie transakčných nákladov podľa IFRS/IAS

Emisia obligácií na kapitálovom trhu je jednou z foriem získavania dlhodobých finančných zdrojov pre veľké podniky. Oceňovanie emitovaných obligácií v účtovníctve (IFRS/IAS). Oceňovanie emitovaných obligácií s pevným výnosom z kupónu. Oceňovanie emitovaných obligácií s kombinovaným výnosom. Umorovan...

Description complète

Enregistré dans:
Détails bibliographiques
Auteur principal: Fetisovová, Elena
Autres auteurs: Nagy, Ladislav
Format: Chapitre de livre
Langue:slovaque
Sujets:
Tags: Ajouter un tag
Pas de tags, Soyez le premier à ajouter un tag!

MARC

LEADER 00000naa$a2200000$$$4500
001 0077104
005 20240502071910.1
041 0 |a slo 
044 |a SK 
245 1 0 |a Oceňovanie emitovaných obligácií a umorovanie transakčných nákladov podľa IFRS/IAS  |c Elena Fetisovová, Ladislav Nagy 
520 |a Emisia obligácií na kapitálovom trhu je jednou z foriem získavania dlhodobých finančných zdrojov pre veľké podniky. Oceňovanie emitovaných obligácií v účtovníctve (IFRS/IAS). Oceňovanie emitovaných obligácií s pevným výnosom z kupónu. Oceňovanie emitovaných obligácií s kombinovaným výnosom. Umorovanie transakčných nákladov podľa IFRS. 
610 2 0 |a obligácie 
610 2 0 |a emisia 
610 2 0 |a oceňovanie 
610 2 0 |a náklady transakčné 
610 2 0 |a amortizácia 
610 2 0 |a štandardy účtovné medzinárodné 
610 2 0 |a IFRS 
100 1 |a Fetisovová, Elena 
700 1 |a Nagy, Ladislav